000 00891nam a2200301 a 4500
001 22713
003 SK-KTurca
005 20260421150350.0
008 250414s1979 xo 0 slo
015 _aSNBA1979
035 _aSNK000059712
040 _aSNK
_bslo
_cSNK
_eAACR2
041 0 _aslo
044 _axo
_cSK
080 _a885.0-3
_21981
100 1 _aKozák, Jan,
_d1921-1995
_4aut
245 1 0 _aMariana Radvaková
_cJan Kozák ; Vasil Jasenčák, Tomáš Krčméry
250 _a1. vyd.
260 _aBratislava
_bPravda
_c1979
_eBratislava
_fPravda
300 _a167 s., 7,18 AH
_c20 cm
366 _e8000 výtl.
500 _aIlustr. na front. a predsádkach.
700 1 _aJasenčák, Vasil,
_d1933-
_4trl
700 1 _aKrčméry, Tomáš,
_d1950-
_4bkd
942 _2ddc
_cKLDO
_n0
999 _c22713
_d22713